[Event "FIDE World Rapid Team"]
[Site "Almaty KAZ"]
[Date "2024.08.03"]
[Round "6.43"]
[White "Orozbaev, Eldiyar"]
[Black "Short, Nigel D"]
[Result "1/2-1/2"]
[WhiteTitle "FM"]
[BlackTitle "GM"]
[WhiteElo "2376"]
[BlackElo "2594"]
[WhiteTeam "Noval Group Kyrgystan"]
[BlackTeam "FIDE Management Board"]
[WhiteFideId "13802240"]
[BlackFideId "400025"]
[EventDate "2024.08.02"]

1. e4 e5 2. Nf3 Nc6 3. Bc4 Bc5 4. c3 Nf6 5. d4 exd4 6. b4 Bb6 7. e5 d5 8. exf6
dxc4 9. Qe2+ Be6 10. b5 Nb4 11. cxb4 Qxf6 12. O-O O-O 13. a4 a6 14. a5 axb5 15.
Na3 d3 16. Qd2 Bd4 17. Nxd4 Qxd4 18. Bb2 Qd5 19. Rae1 c6 20. Re5 Qd7 21. Rfe1
Rae8 22. Nb1 f6 23. R5e3 Bf5 24. Qc3 Rxe3 25. Rxe3 Re8 26. Qd4 Kf7 27. Nd2 Qxd4
28. Bxd4 Rd8 29. Bc3 Rd5 30. Kf1 c5 31. Ke1 h5 32. Nb1 Bd7 33. Kd2 Bc6 34. h4
Rf5 35. f3 cxb4 36. Bxb4 g5 37. Re7+ Kg6 38. Re6 Bd5 39. Rb6 gxh4 40. Nc3 Bxf3
41. gxf3 h3 42. Bd6 Rxf3 43. Rxb7 Rf2+ 44. Ke3 h2 45. Bxh2 Rxh2 46. a6 Rh3+ 47.
Kd4 d2 48. a7 Rxc3 49. a8=Q d1=Q+ 50. Kxc3 Qe1+ 51. Kc2 Qe2+ 52. Kc1 Qe1+ 1/2-1/2

[Event "FIDE World Rapid Team"]
[Site "Almaty KAZ"]
[Date "2024.08.03"]
[Round "6.44"]
[White "Bologan, Victor"]
[Black "Zhakshylykov, Erzhan"]
[Result "1-0"]
[WhiteTitle "GM"]
[BlackTitle "FM"]
[WhiteElo "2598"]
[BlackElo "2327"]
[WhiteTeam "FIDE Management Board"]
[BlackTeam "Noval Group Kyrgystan"]
[WhiteFideId "13900048"]
[BlackFideId "13804111"]
[EventDate "2024.08.02"]

1. e4 c5 2. Nf3 d6 3. d4 cxd4 4. Nxd4 Nf6 5. Nc3 Nc6 6. Bg5 Bd7 7. Qd2 Rc8 8.
Nb3 h6 9. Bxf6 gxf6 10. Bd3 h5 11. O-O Bh6 12. f4 h4 13. h3 Ne5 14. Kh1 Ng6 15.
Rad1 a6 16. Ne2 Qb6 17. Qe1 Rg8 18. f5 Ne5 19. Qxh4 Qe3 20. Nf4 Bg5 21. Qh7 Kf8
22. Rde1 Qg3 23. Ne2 Qh4 24. Qxh4 Bxh4 25. Rd1 Bg5 26. Nbd4 Rh8 27. Nf4 Ng4 28.
Rde1 Bh4 29. Re2 Ne5 30. Kh2 Rg8 31. g4 Bg5 32. Kg3 Rh8 33. Ng2 Rc5 34. Rd1 Kg7
35. h4 Bh6 36. Nf3 Nxf3 37. Kxf3 Bc6 38. c4 Re5 39. b3 e6 40. Kg3 b5 41. Rde1
bxc4 42. Bxc4 a5 43. fxe6 fxe6 44. Rd1 Rd8 45. Nf4 Kf7 46. Rde1 Bxf4+ 47. Kxf4
Rh8 48. Rd1 Rxh4 49. Rxd6 Be8 50. Ra6 Bb5 51. Bxb5 Rxb5 52. Kg3 Rh1 53. Rc2 Rg1+
54. Kf3 Rf1+ 55. Ke2 Rf4 56. Rc7+ Kg6 57. Rxe6 Rxg4 58. Rcc6 Kg5 59. Rxf6 Rxe4+
60. Kd3 Rbe5 61. Rg6+ Kh5 62. Rg2 Re3+ 63. Kd2 Rh3 64. Rc8 Kh4 65. Rh8+ Rh5 66.
Rxh5+ Kxh5 67. Kc2 Rf3 68. Kb2 Re3 69. Ka3 Re4 70. Rg8 a4 71. b4 1-0

[Event "FIDE World Rapid Team"]
[Site "Almaty KAZ"]
[Date "2024.08.03"]
[Round "6.45"]
[White "Sharshenbekov, Emir"]
[Black "Al-Mudahka, Mohd"]
[Result "1/2-1/2"]
[WhiteTitle "CM"]
[BlackTitle "GM"]
[WhiteElo "2078"]
[BlackElo "2542"]
[WhiteTeam "Noval Group Kyrgystan"]
[BlackTeam "FIDE Management Board"]
[WhiteFideId "13810634"]
[BlackFideId "12100030"]
[EventDate "2024.08.02"]

1. e4 c5 2. Nc3 Nc6 3. f4 g6 4. Nf3 Bg7 5. Be2 d6 6. O-O e6 7. d3 Nge7 8. Be3
Nd4 9. Qd2 O-O 10. Nd1 b6 11. c3 Nxe2+ 12. Qxe2 Bb7 13. Nf2 f5 14. Rfe1 Qd7 15.
a4 a5 16. Qc2 h6 17. Qb3 Kh7 18. Nd2 Rab8 19. Rad1 Bc6 20. Ra1 fxe4 21. dxe4 d5
22. Nf1 d4 23. cxd4 cxd4 24. Bd2 e5 25. Qg3 exf4 26. Bxf4 Rbe8 27. Nd3 g5 28.
Be5 Ng6 29. Bxg7 Qxg7 30. Nd2 Nf4 31. b3 Bb7 32. Rac1 Re7 33. Nxf4 Rxf4 34. Qd3
Qg6 35. Qxd4 Ref7 36. Rf1 Qe6 37. Rxf4 gxf4 38. Qc4 Qg6 39. Qe2 f3 40. Nxf3 Qxe4
41. Qxe4+ Bxe4 42. Ne5 Re7 43. Nc4 Rc7 44. g3 Bd5 45. Kf2 Rc5 46. Ke3 Bf7 47.
Kd4 Rd5+ 48. Kc3 b5 49. axb5 Rxb5 50. Ra1 Rh5 51. h4 Rf5 52. Re1 Bxc4 53. Kxc4
Kg6 54. Re4 h5 55. Rd4 Rf3 56. Rd3 Rf8 57. Kb5 Rf5+ 58. Kb6 Re5 59. Rc3 Kf6 60.
Rc5 Re3 61. Rb5 Rxg3 62. Kxa5 Rh3 63. b4 Rxh4 1/2-1/2

[Event "FIDE World Rapid Team"]
[Site "Almaty KAZ"]
[Date "2024.08.03"]
[Round "6.46"]
[White "Zhu, Chen"]
[Black "Iunusov, Nuriddin"]
[Result "0-1"]
[WhiteTitle "GM"]
[BlackTitle "CM"]
[WhiteElo "2423"]
[BlackElo "1925"]
[WhiteTeam "FIDE Management Board"]
[BlackTeam "Noval Group Kyrgystan"]
[WhiteFideId "8600546"]
[BlackFideId "13803026"]
[EventDate "2024.08.02"]

1. d4 Nf6 2. c4 c5 3. d5 d6 4. Nc3 g6 5. e4 Bg7 6. Nge2 e6 7. Ng3 O-O 8. Be2
exd5 9. cxd5 Na6 10. O-O Re8 11. f4 Nc7 12. a4 Rb8 13. Kh1 b6 14. Bf3 Ba6 15.
Re1 Nd7 16. Ra3 c4 17. Be2 Nc5 18. Be3 Qh4 19. Rf1 f5 20. Bxc5 bxc5 21. exf5
Rxb2 22. fxg6 hxg6 23. Nce4 Rxe2 24. Nxd6 R8e3 25. Rxe3 Rxe3 26. Qb1 Rb3 27.
Qxg6 Qf6 28. Qxf6 Bxf6 29. Nde4 Bd4 30. d6 Nd5 31. Nf5 c3 32. d7 Rb8 33. Rc1 Bd3
34. Nfd6 Bxe4 35. Nxe4 0-1

[Event "FIDE World Rapid Team"]
[Site "Almaty KAZ"]
[Date "2024.08.03"]
[Round "6.47"]
[White "Lesbekova, Assel"]
[Black "Martynov, Aleksandr"]
[Result "0-1"]
[WhiteTitle "WCM"]
[WhiteElo "1903"]
[BlackElo "1828"]
[WhiteTeam "Noval Group Kyrgystan"]
[BlackTeam "FIDE Management Board"]
[WhiteFideId "13713248"]
[BlackFideId "34196266"]
[EventDate "2024.08.02"]

1. e4 e5 2. Nf3 Nc6 3. Nc3 g6 4. d4 exd4 5. Nxd4 Bg7 6. Be3 Nge7 7. Bc4 d6 8. f3
Bd7 9. Bb3 a6 10. a4 O-O 11. Qd2 Nxd4 12. Bxd4 Bxd4 13. Qxd4 Nc6 14. Qd2 Na5 15.
Ba2 b5 16. h4 Be6 17. Nd5 c6 18. Ne3 Bxa2 19. Rxa2 Nc4 20. Nxc4 bxc4 21. Qc3 d5
22. h5 Qg5 23. Qd2 Qe5 24. Qe2 Rae8 25. hxg6 fxg6 26. O-O Rf4 27. g3 Rf7 28. Kg2
dxe4 29. f4 Qc5 30. b3 c3 31. Raa1 Rd7 32. Rad1 Red8 33. Rxd7 Rxd7 34. Rd1 Rxd1
35. Qxd1 Qd5 36. Qe2 e3+ 37. Qf3 Qd2+ 38. Kf1 a5 39. g4 Qc1+ 40. Kg2 Qxc2+ 41.
Kh3 e2 42. Qe3 Qxb3 43. Qe8+ Kg7 44. Qe5+ Kf7 45. Qc7+ Kf8 46. Qd8+ Kf7 47. Qc7+
Ke8 48. Qc8+ Ke7 49. Qc7+ Kf6 50. Qe5+ Kf7 51. Qc7+ Kg8 52. Qd8+ Kg7 53. Qd4+
Kf8 54. Qd6+ Kf7 55. Qc7+ Ke6 56. Qxc6+ Ke7 57. Qc7+ Ke8 58. Qc8+ Kf7 59. Qc7+
Ke8 60. Qc8+ Kf7 61. Qc7+ Kg8 62. Qd8+ Kg7 63. Qe7+ Qf7 64. Qe5+ Qf6 65. Qc7+
Kf8 66. Qc8+ Kf7 67. Qd7+ Qe7 68. Qd5+ Kf8 69. Qa8+ Kg7 0-1

[Event "FIDE World Rapid Team"]
[Site "Almaty KAZ"]
[Date "2024.08.03"]
[Round "6.48"]
[White "Musauly, Nurali"]
[Black "Nurdin Uulu, Sardarbek"]
[Result "1-0"]
[WhiteElo "1816"]
[BlackElo "1908"]
[WhiteTeam "FIDE Management Board"]
[BlackTeam "Noval Group Kyrgystan"]
[WhiteFideId "447000678"]
[BlackFideId "13800183"]
[EventDate "2024.08.02"]

1. Nf3 h6 2. e4 g5 3. h3 Bg7 4. d4 c5 5. c3 cxd4 6. cxd4 Nc6 7. Nc3 a6 8. Be3 b5
9. a3 d6 10. Be2 Bb7 11. d5 Ne5 12. Nxe5 Bxe5 13. O-O Nf6 14. Bd4 Nd7 15. Bg4
Nf6 16. Bxe5 dxe5 17. Be2 h5 18. Qd3 g4 19. f4 gxf3 20. Qxf3 Qd6 21. Rac1 Rg8
22. b4 h4 23. Qe3 Rg3 24. Rf3 Rxf3 25. Bxf3 Rc8 26. Kh2 Nd7 27. Bg4 Rc7 28. Nd1
Rxc1 29. Qxc1 Nb6 30. Ne3 Qh6 31. Qc5 Qd6 32. Nf5 Qxc5 33. bxc5 Nc4 34. Be2 Nxa3
35. c6 Bc8 36. Ne3 Kd8 37. g3 hxg3+ 38. Kxg3 b4 39. Bd1 Nb5 40. h4 Ke8 41. Nc4
f6 42. Nb6 Nd6 43. Kf3 a5 44. h5 Ba6 45. Ba4 Kf7 46. c7 Nc8 47. Nd7 Bc4 48. Nc5
Nb6 49. Ke3 f5 50. Bd7 Bxd5 51. Na4 Nc4+ 52. Ke2 Nd6 53. exd5 b3 54. Kd2 f4 55.
Nb2 e4 56. Ke2 f3+ 57. Kf2 Kf6 58. Nc4 b2 59. Nxb2 a4 60. Nc4 a3 61. Nxa3 Kg5
62. h6 Kf4 63. Nc2 e3+ 64. Nxe3 Ne4+ 65. Kg1 Kxe3 66. c8=Q Ke2 67. Qc2+ Nd2 68.
Bg4 Ke1 69. Qxd2+ Kxd2 70. Kf2 1-0

[Event "FIDE World Rapid Team"]
[Site "Almaty KAZ"]
[Date "2024.08.03"]
[Round "6.1"]
[White "Suleimen, Ergali"]
[Black "Annaberdiyev, Meylis"]
[Result "0-1"]
[WhiteTitle "FM"]
[BlackTitle "GM"]
[WhiteElo "2334"]
[BlackElo "2431"]
[WhiteTeam "GMs Kazahhstan"]
[BlackTeam "TKM Chess"]
[WhiteFideId "13724452"]
[BlackFideId "14000563"]
[EventDate "2024.08.02"]

1. e4 c5 2. Nf3 Nc6 3. Bb5 Nf6 4. Bxc6 dxc6 5. d3 Bg4 6. h3 Bh5 7. Nc3 Nd7 8.
Be3 e5 9. Qd2 Bd6 10. Ne2 Nf8 11. g4 Bg6 12. Ng3 Ne6 13. Nf5 Qc7 14. O-O-O O-O-O
15. Kb1 f6 16. Nxd6+ Rxd6 17. Qc3 Rhd8 18. Nd2 b6 19. f3 Bf7 20. h4 Qb7 21. g5
Nc7 22. Nc4 R6d7 23. gxf6 gxf6 24. b3 Nb5 25. Qb2 Qa6 26. Rdf1 Nd4 27. f4 b5 28.
Qa3 Qb7 29. Na5 Qb6 30. fxe5 b4 31. Qa4 Nb5 32. Bd2 fxe5 33. Rf6 Rc7 34. Rhf1
Rdd7 35. Kb2 c4 36. Qxb4 cxd3 37. c4 Nd4 38. Qc3 Qc5 39. b4 Qb6 40. a4 Qa6 41.
b5 Qb6 42. c5 Qb8 43. Nc4 Nxb5 44. Qb3 Bxc4 45. Rf8+ Rd8 46. Rxd8+ Kxd8 47. axb5
Qxb5 48. Qxb5 cxb5 49. Ba5 Kd7 50. Bxc7 Kxc7 51. Rf6 b4 52. Rh6 a5 53. Rxh7+ Kc6
54. Ra7 Kxc5 55. Rxa5+ Kd4 56. h5 d2 57. Kc2 Ke3 58. Ra1 Bd3+ 59. Kd1 Be2+ 60.
Kc2 Bxh5 0-1

[Event "FIDE World Rapid Team"]
[Site "Almaty KAZ"]
[Date "2024.08.03"]
[Round "6.2"]
[White "Turayev, Shahruh"]
[Black "Balmagambetov, Timur"]
[Result "0-1"]
[WhiteElo "2097"]
[BlackElo "2154"]
[WhiteTeam "TKM Chess"]
[BlackTeam "GMs Kazahhstan"]
[WhiteFideId "14003856"]
[BlackFideId "13730258"]
[EventDate "2024.08.02"]

1. d4 f5 2. c4 Nf6 3. Nc3 g6 4. g3 Bg7 5. Bg2 O-O 6. Nh3 d6 7. d5 c6 8. Nf4 e5
9. dxe6 Qe7 10. O-O Na6 11. Qc2 Nc5 12. Re1 g5 13. Nfd5 cxd5 14. cxd5 h6 15. b4
Nce4 16. Bb2 b6 17. Nxe4 fxe4 18. Bxe4 Bb7 19. Rad1 Rac8 20. Qb1 Ng4 21. Rf1 Ba6
22. Rd2 Ne5 23. Bxe5 Bxe5 24. Bd3 Bb7 25. Bg6 Qf6 26. e3 Ba6 27. b5 Bb7 28. Qe4
Rc5 29. f4 Rc7 30. Rdf2 gxf4 31. gxf4 Bc3 32. Rg2 Kh8 33. Rc1 Rg8 34. Bf7 Rxg2+
35. Qxg2 Qg7 36. Qg3 Bxd5 37. Qxg7+ Kxg7 38. f5 Kf6 39. Kf2 Kxf5 40. e4+ Bxe4
41. Rxc3 Rxc3 42. e7 Rc8 43. e8=Q Rxe8 44. Bxe8 Kf4 45. Bd7 d5 46. Ke2 d4 47. a3
Ke5 48. Kd2 Kd6 49. Be8 Kc5 50. Bd7 Bd5 51. Kd3 Bc4+ 52. Ke4 d3 53. Ke3 Bxb5 54.
Bg4 Kc4 55. Kd2 Kd4 0-1

[Event "FIDE World Rapid Team"]
[Site "Almaty KAZ"]
[Date "2024.08.03"]
[Round "6.3"]
[White "Assylov, Miras"]
[Black "Halynyazov, Vepaly"]
[Result "1/2-1/2"]
[WhiteTitle "FM"]
[WhiteElo "2300"]
[BlackElo "2049"]
[WhiteTeam "GMs Kazahhstan"]
[BlackTeam "TKM Chess"]
[WhiteFideId "13728873"]
[BlackFideId "14004020"]
[EventDate "2024.08.02"]

1. e4 e6 2. d4 d5 3. Nc3 Bb4 4. e5 Ne7 5. a3 Bxc3+ 6. bxc3 b6 7. a4 c5 8. Ba3
Qc7 9. Bb5+ Bd7 10. Ne2 a6 11. Bxd7+ Nxd7 12. O-O O-O 13. Nf4 Ng6 14. Nxg6 hxg6
15. Re1 Rfc8 16. Re2 Qc6 17. h4 cxd4 18. cxd4 Qxa4 19. Bd6 Qb5 20. Ra3 Rc6 21.
Rd2 Rxd6 22. exd6 Nf6 23. Rdd3 Qd7 24. Rdb3 Qxd6 25. Qd3 a5 26. Qb5 Qf4 27. g3
Qxd4 28. Qxb6 Qd1+ 29. Kg2 Qxc2 30. Rb2 Qe4+ 31. f3 Qe5 32. Rba2 Nh5 33. Qf2 Qc7
34. Qe1 a4 35. Qf2 Qc4 36. Qc2 Qd4 37. Rxa4 Rxa4 38. Rxa4 Qe5 39. Qf2 g5 40.
hxg5 Qxg5 41. Rg4 Qe5 42. Rh4 g6 43. Rb4 Kh7 44. Rh4 Kg8 45. Rb4 Ng7 46. Qb2
Qxb2+ 47. Rxb2 Nf5 48. Kf2 Kg7 49. Rb4 Kf6 50. f4 g5 51. Kf3 gxf4 52. gxf4 Nd6
53. Kg4 Ne4 54. Ra4 Kg6 55. Ra1 Nd2 56. Ra4 Nc4 57. Ra8 Nd6 58. Rg8+ Kf6 59. Ra8
Ne4 60. Ra6 Ke7 61. Ra7+ Kf6 62. Ra6 Kg6 63. Ra1 Nf6+ 64. Kf3 Kf5 65. Rg1 Ne4
66. Rh1 Kf6 67. Rh6+ Ke7 68. Rh8 Kd6 69. Ra8 Kc5 70. Ra5+ Kd4 71. Ra4+ Kd3 72.
Ra3+ Kd4 73. Ra4+ Kc3 74. Ra3+ Kb4 75. Ra7 f5 76. Ke3 Kc4 77. Ra4+ Kc3 78. Ra3+
Kb4 79. Ra8 Kc4 80. Ra4+ Kb5 81. Ra8 Kc5 82. Ra5+ Kb4 83. Ra8 1/2-1/2

[Event "FIDE World Rapid Team"]
[Site "Almaty KAZ"]
[Date "2024.08.03"]
[Round "6.4"]
[White "Agajanova, Meryem"]
[Black "Petukhov, Alan"]
[Result "0-1"]
[WhiteTitle "WCM"]
[WhiteElo "2007"]
[BlackElo "2224"]
[WhiteTeam "TKM Chess"]
[BlackTeam "GMs Kazahhstan"]
[WhiteFideId "14005930"]
[BlackFideId "13731190"]
[EventDate "2024.08.02"]

1. d4 Nf6 2. c4 e6 3. g3 d5 4. Bg2 Bb4+ 5. Bd2 Be7 6. Nf3 O-O 7. O-O b6 8. cxd5
exd5 9. Nc3 Bb7 10. Bf4 Nbd7 11. Qb3 c6 12. Rfd1 Re8 13. Rac1 Nf8 14. Be5 Ng6
15. Qc2 Ng4 16. h3 N4xe5 17. Nxe5 Nxe5 18. dxe5 Bf8 19. f4 Qe7 20. Kh2 Rad8 21.
a3 Ba8 22. b4 a5 23. bxa5 bxa5 24. a4 h5 25. h4 Qa7 26. Qd3 Rb8 27. Rb1 Qc5 28.
e4 Rxb1 29. Rxb1 Qa3 30. Rd1 Bb4 31. exd5 Rd8 32. Ne4 Qxd3 33. Rxd3 Rxd5 34.
Rxd5 cxd5 35. Nf2 Bc6 36. Nd3 Bc3 37. Kg1 Kf8 38. Kf2 Ke7 39. f5 Bxa4 40. Bxd5
Bc2 41. Bc4 a4 42. Nc5 Bd4+ 43. Kf3 Bxc5 44. Ba2 Bxf5 45. Kf4 Be6 46. Bb1 a3 47.
g4 hxg4 48. h5 a2 49. Bxa2 Bxa2 50. Kxg4 Be3 51. Kf5 Bb1+ 52. Kg4 Ke6 53. Kf3
Bh6 0-1

[Event "FIDE World Rapid Team"]
[Site "Almaty KAZ"]
[Date "2024.08.03"]
[Round "6.5"]
[White "Kaliakhmet, Elnaz"]
[Black "Ezizov, Muhammet"]
[Result "1-0"]
[WhiteTitle "WFM"]
[WhiteElo "2137"]
[BlackElo "1909"]
[WhiteTeam "GMs Kazahhstan"]
[BlackTeam "TKM Chess"]
[WhiteFideId "13730169"]
[BlackFideId "14003759"]
[EventDate "2024.08.02"]

1. d4 Nf6 2. c4 g6 3. Nc3 d5 4. cxd5 Nxd5 5. e4 Nxc3 6. bxc3 Bg7 7. Nf3 O-O 8.
Be3 c5 9. Qd2 cxd4 10. cxd4 b6 11. Rc1 Bb7 12. Bd3 Nc6 13. d5 Ne5 14. Nxe5 Bxe5
15. f4 Bg7 16. Bc4 Rc8 17. O-O Rxc4 18. Rxc4 Ba6 19. Rfc1 Bxc4 20. Rxc4 Qd6 21.
e5 Qd7 22. h3 Rd8 23. a4 g5 24. Qd3 g4 25. hxg4 Qxg4 26. Bf2 Bh6 27. f5 Qg5 28.
Qf3 Kh8 29. Rg4 Qc1+ 30. Kh2 f6 31. exf6 exf6 32. Bd4 Qc7+ 33. Rg3 Rf8 34. Kg1
Qc1+ 35. Qf1 Qxf1+ 36. Kxf1 Bg7 37. Bb2 Rd8 38. Rd3 Kg8 39. Ke2 Kf7 40. Kf3 Bf8
41. Ke4 Re8+ 42. Kf3 Bd6 43. Rd1 Rc8 44. Rh1 Kg7 45. g4 Rc2 46. Ba1 h6 47. Re1
Rd2 48. Bxf6+ Kf7 49. Ba1 Rxd5 50. Re6 Bf8 51. Rc6 Rd3+ 52. Ke4 Ra3 53. Rc7+ Kg8
54. Be5 Rxa4+ 55. Kf3 h5 56. g5 Ra5 57. Ke4 h4 58. g6 Ra4+ 59. Kd5 Rg4 60. Rh7
Bg7 61. Rxg7+ Kf8 62. Rh7 a5 1-0

[Event "FIDE World Rapid Team"]
[Site "Almaty KAZ"]
[Date "2024.08.03"]
[Round "6.7"]
[White "Ten, Viktor"]
[Black "Kazakov, Konstantin"]
[Result "0-1"]
[BlackTitle "IM"]
[WhiteElo "2236"]
[BlackElo "2333"]
[WhiteTeam "Chess Mates"]
[BlackTeam "Storm of Dragons"]
[WhiteFideId "13700820"]
[BlackFideId "13700898"]
[EventDate "2024.08.02"]

1. e4 c5 2. Nf3 e6 3. d4 cxd4 4. Nxd4 Nf6 5. Nc3 Nc6 6. Ndb5 Bc5 7. Nd6+ Ke7 8.
Nxc8+ Rxc8 9. Bd3 Qc7 10. Qf3 Ne5 11. Qg3 h5 12. Bg5 Kf8 13. O-O-O Nfg4 14. Rhf1
Nxd3+ 15. Qxd3 Nxh2 16. Nb5 Qc6 17. Rfe1 Ng4 18. Be3 Nxe3 19. fxe3 a6 20. Nd4
Bxd4 21. exd4 Qc4 22. Qa3+ Kg8 23. Rd2 h4 24. Kb1 Rh5 25. Qe7 Rb5 26. Qxh4 Qc3
27. Kc1 Rxb2 0-1

[Event "FIDE World Rapid Team"]
[Site "Almaty KAZ"]
[Date "2024.08.03"]
[Round "6.8"]
[White "Isaev, Anton"]
[Black "Bolat, Inayat"]
[Result "0-1"]
[BlackTitle "FM"]
[WhiteElo "2156"]
[BlackElo "2264"]
[WhiteTeam "Storm of Dragons"]
[BlackTeam "Chess Mates"]
[WhiteFideId "24185132"]
[BlackFideId "13733125"]
[EventDate "2024.08.02"]

1. d4 Nf6 2. Nf3 g6 3. g3 Bg7 4. Bg2 O-O 5. O-O d6 6. a4 Nbd7 7. a5 c6 8. Nc3
Qc7 9. e4 e5 10. Re1 Re8 11. h3 exd4 12. Nxd4 Nc5 13. Bf4 Bd7 14. Nb3 Nxb3 15.
Bxd6 Qc8 16. cxb3 Bxh3 17. e5 Bxg2 18. Kxg2 Ng4 19. f4 Qf5 20. Qe2 Rad8 21. Rad1
h5 22. Qd3 Qxd3 23. Rxd3 f6 24. Red1 fxe5 25. fxe5 Bh6 26. Ne4 Bg7 27. Nc5 b6
28. Nb7 Rd7 29. a6 Bxe5 30. Bxe5 Rxd3 31. Rxd3 Rxe5 32. Rd7 Re2+ 33. Kg1 Re1+
34. Kg2 Ra1 35. Nd8 Rxa6 36. Nxc6 Ra2 37. Rd2 Kg7 38. Kf3 Ra1 39. Rd7+ Kf6 40.
Nxa7 Ne5+ 0-1

[Event "FIDE World Rapid Team"]
[Site "Almaty KAZ"]
[Date "2024.08.03"]
[Round "6.9"]
[White "Akhmedya, Madyar"]
[Black "Dosmukhambetov, Arystan"]
[Result "0-1"]
[WhiteElo "1786"]
[BlackElo "1976"]
[WhiteTeam "Chess Mates"]
[BlackTeam "Storm of Dragons"]
[WhiteFideId "13739727"]
[BlackFideId "13742418"]
[EventDate "2024.08.02"]

1. e4 c5 2. Nf3 e6 3. d4 cxd4 4. Nxd4 Nf6 5. Nc3 Nc6 6. Nxc6 bxc6 7. Bd3 d5 8.
exd5 cxd5 9. O-O Bd6 10. Bg5 O-O 11. Qf3 h6 12. Bxf6 Qxf6 13. Qxf6 gxf6 14. a4
a6 15. a5 Bb7 16. Ra4 f5 17. Ne2 Kg7 18. f4 Bc6 19. Raa1 Kf6 20. Kh1 Rg8 21. Nd4
Bb7 22. g3 Rac8 23. Rfe1 h5 24. Rg1 Rg7 25. Be2 Bc5 26. c3 Kg6 27. Rad1 Rgg8 28.
h4 Rce8 29. Kh2 f6 30. Bd3 e5 31. Bxf5+ Kf7 32. fxe5 fxe5 33. Nf3 Bxg1+ 34. Rxg1
Kf6 35. Bh3 d4 36. Ng5 Kg6 37. Re1 Rgf8 38. Kg1 d3 39. Rd1 e4 40. Ne6 Rf6 41.
Nf4+ Kh6 42. Bg2 Bc6 43. c4 Ba4 44. Rd2 Bc2 45. Nd5 e3 46. Nxf6 exd2 47. Bf3 Rf8 0-1

[Event "FIDE World Rapid Team"]
[Site "Almaty KAZ"]
[Date "2024.08.03"]
[Round "6.10"]
[White "Akhmet, Suleyman"]
[Black "Akhmediyar, Yernur"]
[Result "1-0"]
[WhiteElo "1730"]
[BlackElo "1853"]
[WhiteTeam "Storm of Dragons"]
[BlackTeam "Chess Mates"]
[WhiteFideId "13752111"]
[BlackFideId "13732129"]
[EventDate "2024.08.02"]

1. d4 Nf6 2. c4 e6 3. Nc3 Bb4 4. e3 O-O 5. Bd2 d5 6. cxd5 exd5 7. Bd3 c6 8. Nf3
Re8 9. Ne5 Nbd7 10. f4 Bxc3 11. Bxc3 Ne4 12. Bxe4 dxe4 13. Qh5 Nxe5 14. dxe5 Qd3 1-0

[Event "FIDE World Rapid Team"]
[Site "Almaty KAZ"]
[Date "2024.08.03"]
[Round "6.11"]
[White "Muratova, Anel"]
[Black "Kim, Kristina"]
[Result "0-1"]
[BlackTitle "WCM"]
[WhiteElo "1892"]
[BlackElo "1943"]
[WhiteTeam "Chess Mates"]
[BlackTeam "Storm of Dragons"]
[WhiteFideId "13707205"]
[BlackFideId "13712438"]
[EventDate "2024.08.02"]

1. e4 c5 2. Nf3 e6 3. d3 Nc6 4. g3 Nf6 5. Bg2 d6 6. O-O Be7 7. Re1 e5 8. Nc3 O-O
9. h3 Nd4 10. Bg5 h6 11. Bxf6 Bxf6 12. Nd5 Be6 13. Ne3 Rc8 14. c3 Nc6 15. Nd2 b5
16. Kh2 b4 17. c4 a5 18. b3 Bg5 19. Ndf1 Nd4 20. Nd5 f5 21. exf5 Bxf5 22. h4
Bxh4 23. gxh4 Qxh4+ 24. Kg1 Bg4 25. Qd2 Nf3+ 26. Bxf3 Bxf3 27. Nh2 Rf5 28. Nxf3
Rxf3 29. Re4 Qh5 30. Ne7+ Kh7 31. Nxc8 Rh3 32. Qe3 Rh1+ 33. Kg2 Rd1 34. Rb1 Rxb1
35. Qh3 Rg1+ 36. Kxg1 Qxh3 37. Nb6 Qxd3 38. Re3 Qb1+ 39. Kg2 Qxa2 40. Rg3 e4 41.
Nd7 a4 42. bxa4 b3 43. Nf8+ Kg8 44. Ne6 g5 0-1

[Event "FIDE World Rapid Team"]
[Site "Almaty KAZ"]
[Date "2024.08.03"]
[Round "6.12"]
[White "Kertaev, Natan"]
[Black "Muratova, Saltanat"]
[Result "1-0"]
[WhiteElo "1828"]
[BlackElo "1845"]
[WhiteTeam "Storm of Dragons"]
[BlackTeam "Chess Mates"]
[WhiteFideId "13711555"]
[BlackFideId "13705776"]
[EventDate "2024.08.02"]

1. d4 Nf6 2. c4 g6 3. Nc3 Bg7 4. Nf3 d6 5. e4 O-O 6. Be2 Nc6 7. d5 Nb8 8. O-O e5
9. Ne1 Ne8 10. Be3 f5 11. f3 f4 12. Bf2 a5 13. a3 Nd7 14. b4 b6 15. c5 g5 16.
cxb6 cxb6 17. Nd3 h5 18. Nb5 Rf7 19. Nb2 Bf8 20. Qc2 Rg7 21. Rfc1 Ndf6 22. bxa5
bxa5 23. Nc4 Rb8 24. Na7 Rxa7 25. Bxa7 Rb7 26. Bf2 g4 27. Nxe5 Rc7 28. Nc6 Qd7
29. Bd4 Qg7 30. Qd2 gxf3 31. Bxf3 Bg4 32. Qxf4 Rf7 33. Nd8 Rd7 34. Bxg4 hxg4 35.
Ne6 Qg6 36. Rc8 Bg7 37. Bxf6 Bxf6 38. Rxe8+ 1-0

[Event "FIDE World Rapid Team"]
[Site "Almaty KAZ"]
[Date "2024.08.03"]
[Round "6.13"]
[White "Kozganbay, Erkin"]
[Black "Beristenov, Kair"]
[Result "0-1"]
[WhiteTitle "FM"]
[WhiteElo "2293"]
[BlackElo "1995"]
[WhiteTeam "Chess Ratel"]
[BlackTeam "Future GM"]
[WhiteFideId "13703773"]
[BlackFideId "13777831"]
[EventDate "2024.08.02"]

1. Nf3 Nf6 2. c4 e6 3. g3 d5 4. Bg2 c6 5. O-O Be7 6. d4 O-O 7. Nc3 b6 8. b3 Ba6
9. Bb2 Nbd7 10. Nd2 Rc8 11. Re1 b5 12. e4 bxc4 13. bxc4 dxc4 14. Qa4 Qb6 15.
Rab1 Bb5 16. Qc2 Qc7 17. Ba1 Rb8 18. f4 Rfd8 19. e5 Nd5 20. f5 Nf8 21. g4 Nb4
22. Qe4 Nd3 23. Re3 Bg5 24. Rxd3 cxd3 25. Nf3 Be7 26. g5 exf5 27. Qxf5 Bc4 28.
Rd1 c5 29. Ne4 Ng6 30. Ned2 cxd4 31. Nxc4 Qxc4 32. Ne1 Qe6 33. Qxe6 fxe6 34.
Nxd3 Bxg5 35. Nc5 Be3+ 36. Kh1 Nf4 37. Bf1 Rd5 38. Nb3 d3 39. Bc3 Rc8 40. Be1
Rc2 41. Bg3 d2 42. Bxf4 Bxf4 43. Bg2 Rc1 0-1

[Event "FIDE World Rapid Team"]
[Site "Almaty KAZ"]
[Date "2024.08.03"]
[Round "6.14"]
[White "Borumbayev, Adil"]
[Black "Kassimov, Baurzhan"]
[Result "0-1"]
[BlackTitle "IM"]
[WhiteElo "1848"]
[BlackElo "2260"]
[WhiteTeam "Future GM"]
[BlackTeam "Chess Ratel"]
[WhiteFideId "13747932"]
[BlackFideId "13704800"]
[EventDate "2024.08.02"]

1. d4 Nf6 2. c4 b6 3. f3 Nc6 4. e4 e5 5. dxe5 Nxe5 6. Be3 Bc5 7. Bxc5 bxc5 8.
Nc3 O-O 9. Bd3 Rb8 10. b3 Nh5 11. Nh3 d5 12. Nf2 Nf4 13. Nxd5 Nxg2+ 14. Kf1 Nh4
15. f4 Nef3 16. Be2 Nd4 17. Rg1 c6 18. Ne3 Qc7 19. e5 f6 20. Bd3 fxe5 21. Bxh7+
Kxh7 22. Qh5+ Kg8 23. Qxh4 Nf3 24. Qh5 Nxg1 25. f5 Qf7 26. Qxf7+ Rxf7 27. Kxg1
Bxf5 28. Rd1 Rbf8 29. Rd6 Rf6 30. Nxf5 Rxf5 31. Ne4 Rf4 32. Nxc5 Rg4+ 33. Kh1
Rf1# 0-1